| 000 | 01756nam a2200241 a 4500 | ||
|---|---|---|---|
| 001 | 19048547 | ||
| 008 | 160927s2012 ||||||||||||||||| || u | ||
| 010 | _a2016016518 | ||
| 020 | _a9781780871868 | ||
| 050 | _aPR 6106.L49S47 | ||
| 100 | _aFlett, Kathryn | ||
| 245 | 1 | 0 |
_aSeparate lives _cKathryn Flett. |
| 250 | _aFirst edition. | ||
| 260 |
_aLondon _bQuercus _c2012 |
||
| 300 | _a394 p. | ||
| 350 | _a9.38 | ||
| 520 | _a"Your partner of ten years, and the father of your children (though not your husband, because the two of you agreed that marriage seems so...old-fashioned), receives a text message. A text message you happen to see when you're getting ready for work one day: Start living a different kind of life... P :-) xxx You don't even know anyone with the initial P, but even if you did, the smiley face and kisses would send a shiver of fear down your spine that everything you and your partner have built and which seemed so strong, might be in danger of collapse. How could you miss that? Narrated by Susie, her partner Alex, and the mysterious P, this is an achingly funny, moving and honest portrayal of modern romance, parenthood, and adultery"-- Provided by publisher. "A funny, poignant novel about the challenges to the core relationship at the heart of a nontraditional, modern family that demonstrates how the mechanics of heartbreak are timeless"-- Provided by publisher. | ||
| 650 | 7 |
_aFICTION / Humorous _2bisacsh |
|
| 650 | 0 | _aMan-woman relationships - Fiction | |
| 650 | 7 |
_aFICTION / Contemporary Women _2bisacsh |
|
| 650 | 0 | _aTRIANGLES (INTERPERSOANL RELATIONS)--FICTION | |
| 995 |
_D9.38 _FCBU-MAIN LIBRARY (Kitwe) _M1 _UAVAILABLE _WSep 27, 2016 _ZFiction Collection |
||
| 999 |
_c57312 _d57312 |
||